[Event "Wloclawek-ch"]
[Site "Wloclawek"]
[Date "2013.??.??"]
[Round "1"]
[White "Lapinski, Jerzy"]
[Black "Mistera, Dominik"]
[Result "1-0"]
[WhiteElo "1800"]
[BlackElo "1400"]
[PlyCount "89"]
[EventDate "2013.09.??"]
[EventType "swiss"]
[EventRounds "9"]
[EventCountry "POL"]
[SourceTitle "EXT 2021"]
[Source "ChessBase"]
[SourceDate "2020.10.23"]
[SourceVersion "1"]
[SourceVersionDate "2020.10.23"]
[SourceQuality "1"]

1. d4 d5 2. Nf3 c5 3. c3 Bf5 4. Nbd2 e6 5. g3 Nc6 6. Bg2 Bd6 7. Nh4 Nge7 8. Nxf5 Nxf5 9. Nf3 h6 10. 0-0 0-0 11. Re1 Re8 12. e4 dxe4 13. Rxe4 cxd4 14. cxd4 Bc5 15. d5 Nce7 16. Rc4 Rc8 17. Qc2 Qxd5 18. Nd2 Qe5 19. Ne4 b6 20. Bf4 Nd4 21. Bxe5 Nxc2 22. Rxc2 Red8 23. Nxc5 bxc5 24. Rac1 f6 25. Bf4 Kf7 26. Rxc5 Rxc5 27. Rxc5 Rd1+ 28. Bf1 Nd5 29. Kg2 g5 30. Be3 Kg6 31. Rc1 Nxe3+ 32. fxe3 Rd2+ 33. Kg1 Rxb2 34. Bc4 e5 35. Bb3 Kh5 36. Rc4 Rb1+ 37. Kg2 Rb2+ 38. Rc2 Rxc2+ 39. Bxc2 g4 40. e4 Kg5 41. Kf2 h5 42. Ke3 Kg6 43. Bd3 Kf7 44. Bc4+ Ke7 45. Kd3 1-0

[Event "Wloclawek-ch"]
[Site "Wloclawek"]
[Date "2013.??.??"]
[Round "4"]
[White "Mistera, Dominik"]
[Black "Pietrzykowski, Dominik"]
[Result "1-0"]
[WhiteElo "1400"]
[BlackElo "1000"]
[PlyCount "83"]
[EventDate "2013.09.??"]
[EventType "swiss"]
[EventRounds "9"]
[EventCountry "POL"]
[SourceTitle "EXT 2021"]
[Source "ChessBase"]
[SourceDate "2020.10.23"]
[SourceVersion "1"]
[SourceVersionDate "2020.10.23"]
[SourceQuality "1"]

1. d4 d5 2. c4 e5 3. dxe5 dxc4 4. Qxd8+ Kxd8 5. e3 Nc6 6. Nf3 Be6 7. Nbd2 Bb4 8. a3 Bxd2+ 9. Bxd2 Kd7 10. Bc3 Rd8 11. 0-0-0+ Kc8 12. Rxd8+ Kxd8 13. a4 f6 14. exf6 Nxf6 15. Nd2 Ng4 16. Bxc4 Bxc4 17. Nxc4 Nxf2 18. Rf1 Nd3+ 19. Kb1 Rg8 20. Rd1 Kc8 21. Rxd3 Rd8 22. Rxd8+ Nxd8 23. Bxg7 Ne6 24. Be5 h5 25. Kc2 Ng5 26. Kd3 Kd7 27. Bf4 Ne6 28. Ke2 Nc5 29. a5 b5 30. Ne5+ Kc8 31. b4 Na4 32. h3 Nc3+ 33. Kf3 Na2 34. Nd3 Kd7 35. g4 hxg4+ 36. Kxg4 Ke6 37. Bxc7 Kd5 38. h4 Kc4 39. h5 Kxd3 40. h6 Nxb4 41. h7 Na6 42. h8Q 1-0

[Event "Wloclawek-ch"]
[Site "Wloclawek"]
[Date "2013.??.??"]
[Round "9"]
[White "Oborski, Zbigniew"]
[Black "Mistera, Dominik"]
[Result "0-1"]
[WhiteElo "1400"]
[BlackElo "1400"]
[PlyCount "63"]
[EventDate "2013.09.??"]
[EventType "swiss"]
[EventRounds "9"]
[EventCountry "POL"]
[SourceTitle "EXT 2021"]
[Source "ChessBase"]
[SourceDate "2020.10.23"]
[SourceVersion "1"]
[SourceVersionDate "2020.10.23"]
[SourceQuality "1"]

1. Nf3 c6 2. Nc3 d5 3. g3 Bf5 4. Bg2 Nd7 5. d3 h6 6. 0-0 Ngf6 7. Nh4 Bh7 8. e4 d4 9. Ne2 e5 10. f4 Be7 11. Bd2 0-0 12. f5 g6 13. Bh3 Kg7 14. c3 c5 15. cxd4 cxd4 16. Qc1 g5 17. Ng2 Rc8 18. Qd1 Nc5 19. Bb4 g4 20. Bxg4 Nxg4 21. Nc1 Ne3 22. Nxe3 dxe3 23. Qg4+ Kh8 24. Bxc5 Bxc5 25. Kh1 f6 26. Qe2 Bd4 27. Nb3 Rc6 28. Na5 Qxa5 29. Qh5 Rc2 30. Qxh6 Bc5 31. Rae1 e2 32. Rf2 0-1